000 00697nam a2200289Ia 4500
005 20260324141003.0
008 008 260324s9999 xx 000 0 eng d
020 _a9780429497803
037 _aEBOOK
040 _aCRL
040 _beng
040 _cCRL
041 _2eng
041 _aeng
084 _qCRL
100 _aAna Maria Diaz-stevens
_91206489
245 0 _aRecognizing The Latino Resurgence In U.s. Religion
245 4 _bThe Emmaus Paradigm
260 _bTaylor and Francis
260 _c1998
365 _a
365 _b230
856 _uhttp://www.taylorfrancis.com/books/9780429497803
942 _cEBOOK
999 _c1809117
_d1809117